01311nam a2200289 a 450000100100000000500170001000800410002704000250006808200190009310000500011224501130016224600190027526000410029430000250033544000450036050000630040553400740046865000260054265000300056870000410059870000700063974000190070983000390072895201220076795201170088999900150100600000475320200929151510.0800903s1968 sp 000 0 spa  aDO-SdBNPbspacBNPHU a843.912bS132c1 aSaint Exupery, Antoine de,d1900-1944.91381010aCorreo del sur ;bvuelo nocturno /cAntoine de Saint-Exupery ; traducción de Enrique de Juan J. Benavente.13avuelo nocturno aBarcelona :bEdiciones G. P.,c1968. a255 :bil. ;c24 cm. 0aLos clásicos del siglo xx ;v55913639 aIncluye datos biográficos del autor en la contracubierta aTítulo original: Courrier sud Vol de NuittCourrier sud Vol de Nuit 4aNovela francesa91075 4aLiteratura francesa910741 aJ. Benavente, Enrique de Juan9138111 aSaint Exupery, Antoine de,d1900-1944.tVol de nuit. 1979.9138120 aVuelo nocturno 0aLos clásicos del siglo xx913639 001052708MOaGRbGRcCTd2009-07-25iLF1l0o843.912 S132cp4753-10r2020-06-25w2020-06-25y2ZPréstamo interno 0010507-18MOaPDbPDcOId2017-03-29iLF1l0o843.912 S132cp4753-20r2020-06-25w2020-06-25y1ZNo se presta c4559d4559